MARC

LEADER 00000nam0a2200000 4500
001 301758
005 20231102001431.0
035 |a (RuTPU)RU\TPU\book\326934 
035 |a RU\TPU\book\312155 
090 |a 301758 
100 |a 20150813d1975 m a0rusy5003 ca 
101 0 |a rus 
102 |a RU 
105 |a a j 001zy 
200 1 |a Наладка приборов и систем автоматизации  |e учебник  |f Б. З. Барласов, В. И. Ильин 
210 |a Москва  |c Высшая школа  |d 1975 
215 |a 352 с.  |c ил. 
225 1 |a Профтехобразование. Автоматизация производства 
320 |a Библиогр.: с. 345 
606 1 |a Контрольно-измерительная техника  |2 stltpush  |3 (RuTPU)RU\TPU\subj\15518  |9 41753 
610 1 |a автоматизация 
610 1 |a приборы 
610 1 |a средства 
610 1 |a надежность 
610 1 |a автоматическое управление 
610 1 |a наладочные работы 
610 1 |a системы контроля 
610 1 |a системы защиты 
610 1 |a автоматические системы 
610 1 |a наладка 
610 1 |a объекты регулирования 
610 1 |a динамическая настройка 
610 1 |a конструкции 
610 1 |a законы регулирования 
610 1 |a техника безопасности 
610 1 |a учебники 
675 |a 681.2.08(075.32)  |v 4 
700 1 |a Барласов  |b Б. З.  |g Борис Залманович 
701 1 |a Ильин  |b В. И.  |g Владимир Ильич 
801 0 |a RU  |b 63413507  |c 19950704  |g psbo 
801 1 |a RU  |b 63413507  |c 20150318 
801 2 |a RU  |b 63413507  |c 20210708  |g RCR 
942 |c BK